00541nam a22001577a 450000500170000001000150001702000260003203500140005803700130007208200130008524500920009826000400019027001030023030000260033370000240035920190927124403.0 aENG-126574 c350.00a9788178443485 aEN-110106 bDBAD/PUB a320.0954 aPolitical Institutions In Ancient India : cEdited by Mohan Singh SaggubA Compendium / aNew Delhi bK.K. Publicationsc2018 bNew Delhia4806/24 , Bharat Ram , Daryaganj e110002k011-47340207 , 23285167mkkdevinder@vsnl.net aviii168p.c23cm,(hbk) aSaggu , Mohan Singh